[Event "GRE-ch (Women) 29th"]
[Site "Athens"]
[Date "2006.11.25"]
[Round "1"]
[White "Pambalou, Fotini"]
[Black "Makka, Ioulia"]
[Result "1-0"]
[WhiteElo "2177"]
[BlackElo "2204"]
[PlyCount "91"]
[EventDate "2006.11.27"]
[EventType "tourn"]
[EventRounds "9"]
[EventCountry "GRE"]
[SourceTitle "CBM 115 Extra"]
[Source "ChessBase"]
[SourceDate "2007.01.10"]
[SourceVersion "1"]
[SourceVersionDate "2007.01.10"]
[SourceQuality "1"]

1. g3 d5 2. f4 g6 3. Bg2 Bg7 4. Nf3 Nh6 5. 0-0 0-0 6. d3 d4 7. c3 c5 8. e4 dxe3 9. Bxe3 Qc7 10. Kh1 Rd8 11. Qe2 Bf5 12. Ne1 Ng4 13. Bg1 h5 14. Nd2 Na6 15. Ne4 Rd7 16. Nf3 Nh6 17. Nf2 Rad8 18. Rad1 Nb8 19. Ne4 b6 20. d4 Nc6 21. Ne5 Nxe5 22. dxe5 Bg4 23. Bf3 Bxf3+ 24. Qxf3 Nf5 25. Ng5 Rxd1 26. Rxd1 Bh6 27. Ne4 Kg7 28. Rxd8 Qxd8 29. Qe2 Qd5 30. c4 Qc6 31. Qd3 Kh8 32. Bf2 Bg7 33. Kg1 Qc7 34. Qd5 f6 35. e6 Nd6 36. Nxd6 exd6 37. Qa8+ Kh7 38. Qe8 Qb7 39. e7 Qe4 40. Qd7 Qb1+ 41. Kg2 Qe4+ 42. Kh3 Qh1 43. e8N Qf1+ 44. Kh4 g5+ 45. Kxh5 Qe2+ 46. g4 1-0

[Event "Athens Acropolis op (Women)"]
[Site "Athens"]
[Date "2006.08.19"]
[Round "7"]
[White "Stiri, Alexandra"]
[Black "Pambalou, Fotini"]
[Result "1-0"]
[WhiteElo "2186"]
[BlackElo "2127"]
[PlyCount "45"]
[EventDate "2006.08.13"]
[EventType "swiss"]
[EventRounds "9"]
[EventCountry "GRE"]
[SourceTitle "CBM 113 Extra"]
[Source "ChessBase"]
[SourceDate "2006.09.14"]
[SourceVersion "1"]
[SourceVersionDate "2006.09.14"]
[SourceQuality "1"]

1. e4 e5 2. Nf3 Nc6 3. d4 exd4 4. Nxd4 Bc5 5. Be3 Qf6 6. c3 Nge7 7. g3 d5 8. Bg2 dxe4 9. 0-0 0-0 10. Nd2 Bxd4 11. cxd4 Qg6 12. Nxe4 Bf5 13. Nc3 Rad8 14. Qb3 Nxd4 15. Qxb7 Nc2 16. Bc5 Rd7 17. Rad1 Bd3 18. Be4 Bxe4 19. Nxe4 Qe6 20. Ng5 Qg4 21. Rxd7 Qxd7 22. Qe4 g6 23. Qxe7 1-0

[Event "Aegean op 29th"]
[Site "Aghios Kirykos"]
[Date "2006.07.19"]
[Round "9"]
[White "Pambalou, Fotini"]
[Black "Kostouros, Alexandros"]
[Result "1-0"]
[WhiteElo "2127"]
[BlackElo "2177"]
[PlyCount "109"]
[EventDate "2006.07.12"]
[EventType "swiss"]
[EventRounds "9"]
[EventCountry "GRE"]
[SourceTitle "CBM 113 Extra"]
[Source "ChessBase"]
[SourceDate "2006.09.14"]
[SourceVersion "1"]
[SourceVersionDate "2006.09.14"]
[SourceQuality "1"]

1. g3 e5 2. Bg2 d5 3. d3 c5 4. Nd2 Nc6 5. c4 d4 6. a3 Bd7 7. Qc2 f5 8. e3 Bd6 9. Ne2 Nge7 10. exd4 exd4 11. f4 Qc7 12. Nf3 a5 13. b3 0-0 14. 0-0 a4 15. b4 b6 16. b5 Na5 17. Qxa4 Ra7 18. Qc2 Nb7 19. Bd2 Rfa8 20. a4 h6 21. Rfb1 Kh7 22. a5 Nxa5 23. Bxa5 Rxa5 24. Ng5+ hxg5 25. Bxa8 Rxa1 26. Rxa1 gxf4 27. gxf4 Ng6 28. Kh1 Nxf4 29. Nxf4 Bxf4 30. Qg2 g5 31. Qb7 Qxb7+ 32. Bxb7 Bd2 33. Ra8 Be6 34. Bd5 Bxd5+ 35. cxd5 Kg7 36. Ra6 f4 37. Kg2 g4 38. Rxb6 f3+ 39. Kf2 Be3+ 40. Kf1 c4 41. dxc4 Bf4 42. Ra6 Bxh2 43. Ra3 Kf6 44. b6 Ke5 45. b7 Ke4 46. Ra8 g3 47. Rg8 d3 48. b8Q g2+ 49. Kf2 Bxb8 50. Rxb8 d2 51. Rb1 Kd3 52. Kxf3 Kc2 53. Rg1 d1Q+ 54. Rxd1 Kxd1 55. Kxg2 1-0

[Event "Aegean op 29th"]
[Site "Aghios Kirykos"]
[Date "2006.07.18"]
[Round "8"]
[White "Papageorgiou, Ioannis"]
[Black "Pambalou, Fotini"]
[Result "1/2-1/2"]
[WhiteElo "1819"]
[BlackElo "2127"]
[PlyCount "92"]
[EventDate "2006.07.12"]
[EventType "swiss"]
[EventRounds "9"]
[EventCountry "GRE"]
[SourceTitle "CBM 113 Extra"]
[Source "ChessBase"]
[SourceDate "2006.09.14"]
[SourceVersion "1"]
[SourceVersionDate "2006.09.14"]
[SourceQuality "1"]

1. e4 e5 2. Nf3 Nc6 3. Bb5 a6 4. Ba4 d6 5. h3 Nf6 6. 0-0 Bd7 7. Re1 Be7 8. c3 0-0 9. d4 b5 10. Bc2 h6 11. Nbd2 Nh7 12. Qe2 Ng5 13. Kh2 Re8 14. d5 Na5 15. b4 Nb7 16. Nf1 c5 17. Be3 Rc8 18. Nxg5 Bxg5 19. a4 Bf4+ 20. g3 Qh4 21. Kg1 Qg5 22. axb5 Bxb5 23. Qd2 Bxe3 24. Nxe3 Ra8 25. Ba4 g6 26. c4 Bxa4 27. Rxa4 cxb4 28. Rxb4 Nc5 29. Qc2 Reb8 30. Rxb8+ Rxb8 31. Rb1 Qd8 32. Nd1 Rb6 33. Nc3 Qb8 34. Rxb6 Qxb6 35. Na4 Qb3 36. Qxb3 Nxb3 37. f3 f5 38. g4 fxe4 39. fxe4 Kf7 40. Nc3 Nd2 41. c5 dxc5 42. Kf2 Ke7 43. Ke2 Nc4 44. Na4 Kd6 45. Kd3 Na5 46. Nb2 g5 1/2-1/2

[Event "Aegean op 29th"]
[Site "Aghios Kirykos"]
[Date "2006.07.14"]
[Round "4"]
[White "Pambalou, Fotini"]
[Black "Tsanas, Athanasios"]
[Result "1/2-1/2"]
[WhiteElo "2127"]
[BlackElo "2286"]
[PlyCount "67"]
[EventDate "2006.07.12"]
[EventType "swiss"]
[EventRounds "9"]
[EventCountry "GRE"]
[SourceTitle "CBM 113 Extra"]
[Source "ChessBase"]
[SourceDate "2006.09.14"]
[SourceVersion "1"]
[SourceVersionDate "2006.09.14"]
[SourceQuality "1"]

1. e4 c5 2. c3 Nf6 3. e5 Nd5 4. d4 cxd4 5. Nf3 e6 6. cxd4 d6 7. Bc4 Nc6 8. 0-0 Be7 9. a3 0-0 10. Qe2 Kh8 11. Nc3 Nxc3 12. bxc3 d5 13. Bd3 f5 14. exf6 Bxf6 15. Bc2 Bd7 16. Re1 Qe7 17. h3 Rae8 18. Nh2 Qf7 19. f4 Nxd4 20. cxd4 Bxd4+ 21. Be3 Bxa1 22. Rxa1 Qf6 23. Rf1 e5 24. fxe5 Qxe5 25. Rxf8+ Rxf8 26. Nf3 Qh5 27. Nd4 Qxe2 28. Nxe2 b6 29. Nd4 Rc8 30. Kf2 Bb5 31. Bf5 Rf8 32. Kg3 Bc4 33. Kg4 Re8 34. Kf4 1/2-1/2

[Event "Aegean op 29th"]
[Site "Aghios Kirykos"]
[Date "2006.07.13"]
[Round "2"]
[White "Saltaev, Mihail"]
[Black "Pambalou, Fotini"]
[Result "1/2-1/2"]
[WhiteElo "2508"]
[BlackElo "2127"]
[PlyCount "88"]
[EventDate "2006.07.12"]
[EventType "swiss"]
[EventRounds "9"]
[EventCountry "GRE"]
[SourceTitle "CBM 113 Extra"]
[Source "ChessBase"]
[SourceDate "2006.09.14"]
[SourceVersion "1"]
[SourceVersionDate "2006.09.14"]
[SourceQuality "1"]

1. e4 e5 2. Nf3 Nc6 3. Bb5 a6 4. Ba4 d6 5. c4 Nf6 6. Nc3 g6 7. d4 Bd7 8. 0-0 Bg7 9. dxe5 Nxe5 10. Nxe5 dxe5 11. Bxd7+ Qxd7 12. Qf3 0-0 13. Bg5 Qg4 14. Qxg4 Nxg4 15. Nd5 f6 16. Bd2 Rf7 17. h3 Nh6 18. Rad1 f5 19. f3 Bf8 20. b4 Re8 21. g4 c6 22. Nb6 fxe4 23. fxe4 Rxf1+ 24. Rxf1 Rd8 25. Rxf8+ Rxf8 26. Bxh6 Rf3 27. Kg2 Ra3 28. Bc1 Rxa2+ 29. Kf3 Rc2 30. Be3 Rc3 31. Kf2 Rb3 32. Bc5 Rxh3 33. Nd7 Rb3 34. Nxe5 b6 35. Bxb6 Rxb4 36. c5 Rxe4 37. Nxc6 Rxg4 38. Nb8 Rb4 39. Nxa6 Rb2+ 40. Kf3 Kf7 41. Bc7 Rc2 42. Bd6 Ke6 43. Nc7+ Kd7 44. Nd5 Rxc5 1/2-1/2

[Event "GRE-chT 35th"]
[Site "Ermioni Argolidas"]
[Date "2006.07.08"]
[Round "7"]
[White "Pambalou, Fotini"]
[Black "Petsetidi, Maria"]
[Result "1-0"]
[WhiteElo "2127"]
[BlackElo "1954"]
[PlyCount "57"]
[EventDate "2006.07.03"]
[EventType "team"]
[EventRounds "9"]
[EventCountry "GRE"]
[SourceTitle "CBM 113 Extra"]
[Source "ChessBase"]
[SourceDate "2006.09.14"]
[SourceVersion "1"]
[SourceVersionDate "2006.09.14"]
[SourceQuality "1"]

1. e4 c5 2. b3 d6 3. Bb2 e6 4. Nf3 Nf6 5. Bd3 Nc6 6. 0-0 a6 7. Re1 e5 8. h3 Be7 9. Bf1 0-0 10. c3 g6 11. d4 Qc7 12. Na3 Nh5 13. Nc4 Bf6 14. Ne3 Ne7 15. Qd2 Bg7 16. Rad1 f5 17. dxe5 dxe5 18. exf5 Bxf5 19. g4 Rad8 20. Qc1 Be4 21. Ng5 Qc6 22. gxh5 Bh1 23. Bc4+ Kh8 24. Rxd8 Qf6 25. Nf7+ Kg8 26. Nxe5+ Kh8 27. Nf7+ Kg8 28. Rxf8+ Kxf8 29. Qd2 1-0

[Event "GRE-chT 35th"]
[Site "Ermioni Argolidas"]
[Date "2006.07.07"]
[Round "6"]
[White "Markantonaki, Haritomeni"]
[Black "Pambalou, Fotini"]
[Result "1/2-1/2"]
[WhiteElo "2166"]
[BlackElo "2127"]
[PlyCount "131"]
[EventDate "2006.07.03"]
[EventType "team"]
[EventRounds "9"]
[EventCountry "GRE"]
[SourceTitle "CBM 113 Extra"]
[Source "ChessBase"]
[SourceDate "2006.09.14"]
[SourceVersion "1"]
[SourceVersionDate "2006.09.14"]
[SourceQuality "1"]

1. e4 e5 2. Nf3 Nc6 3. Bc4 Nf6 4. d3 h6 5. 0-0 d6 6. Re1 g6 7. d4 Qe7 8. Nc3 Bg4 9. Bb5 Nd7 10. Nd5 Qd8 11. dxe5 Ndxe5 12. Be2 Nxf3+ 13. Bxf3 Bxf3 14. Qxf3 Bg7 15. c3 0-0 16. Qg3 Ne7 17. Nf4 Qd7 18. Be3 Kh7 19. Bd4 Be5 20. Rad1 Qb5 21. b3 g5 22. Bxe5 Qxe5 23. Nh5 Qxg3 24. Nxg3 f6 25. Ne2 Nc6 26. c4 Rae8 27. Nc3 Nb4 28. a3 Nc6 29. Nd5 Rf7 30. Re3 Ne5 31. Rc3 Kg7 32. Ne3 Nc6 33. Nf5+ Kg6 34. f3 Re5 35. b4 Rd7 36. Ne3 Rf7 37. Kf2 Ne7 38. Ng4 Re6 39. c5 dxc5 40. Rxc5 h5 41. Ne3 Rc6 42. Rdc1 Rxc5 43. Rxc5 c6 44. Rc3 f5 45. Nc4 Rf6 46. exf5+ Kxf5 47. Rd3 Nd5 48. g3 Ke6 49. Rd2 Kf5 50. Na5 Rf7 51. b5 Rc7 52. bxc6 bxc6 53. Nxc6 Rxc6 54. Rxd5+ Kg6 55. Ke3 Ra6 56. Rd3 Kf5 57. Kd4 Rd6+ 58. Kc4 Rc6+ 59. Kb3 Rb6+ 60. Kc2 Ra6 61. Rd5+ Kf6 62. Kb2 Rb6+ 63. Kc2 Rc6+ 64. Kb2 Rb6+ 65. Kc2 Rc6+ 66. Kb2 1/2-1/2